000 00622nam a2200169Ia 4500
008 090201s9999 xx 000 0 und d
010 _aKPL-53161
040 _bमराठी
041 _aमराठी
082 _a13883
_b53161
100 _aनयनतारा देसाई
245 _aपराक्रमाची शर्थ जाहली
_cनयनतारा देसाई
260 _c2004
_bदिलीपराज प्रकाशन प्रा. लि.
300 _a281
_bमोठा
600 _aपराक्रमाची शर्थ जाहली
942 _cBOOK
999 _c214065
_d214065